ASME 2015 International Technical Conference and Exhibition on Packaging and Integration of Electronic and Photonic Microsystems collocated with the ASME 2015 13th International Conference on Nanochannels, Microchannels, and Minichannels -Volume 3: Advanced Fabrication and Manufacturing; Emerging Technology Frontiers; Energy, Health and Water- Applications of Nano-, Micro- and Mini-Scale Devices; MEMS and NEMS; Technology Update Talks; Thermal Management Using Micro Channels, Jets, Sprays

Détails bibliographiques
Format: Électronique Revue
Langue:English
Publié: ASME
Accès en ligne:Full text available on ASME[2015-2015]
Off-campus access
LEADER 01405cas a2200181 a 4500
001 AALConferenceProceedingsASME000943
008 230101c9999 xx r poo 0 0eng d
020 |a 978-0-7918-5690-1 
040 |a BD-DhAAL  |c BD-DhAAL 
245 0 0 |h [electronic resource]  |a ASME 2015 International Technical Conference and Exhibition on Packaging and Integration of Electronic and Photonic Microsystems collocated with the ASME 2015 13th International Conference on Nanochannels, Microchannels, and Minichannels -Volume 3: Advanced Fabrication and Manufacturing; Emerging Technology Frontiers; Energy, Health and Water- Applications of Nano-, Micro- and Mini-Scale Devices; MEMS and NEMS; Technology Update Talks; Thermal Management Using Micro Channels, Jets, Sprays  
260 |b ASME 
300 |a 1 online resource 
500 |a <strong>Off-Campus Access:</strong> Athens ID and Password Required 
500 |a <strong>On-Campus Access:</strong> No User ID or Password Required 
506 |a Electronic access restricted to authorized BRAC University faculty, staff and students 
538 |a Mode of access: Internet 
856 4 0 |z Full text available on ASME[2015-2015]  |u https://asmedigitalcollection.asme.org/InterPACK/InterPACK2015/volume/56901 
856 4 0 |z Off-campus access  |u https://go.openathens.net/redirector/bracu.ac.bd?url=https%3A%2F%2Fasmedigitalcollection.asme.org%2FInterPACK%2FInterPACK2015%2Fvolume%2F56901